[Event "11th BPB Limburg Open"]
[Site "masterchessopen.com Maastricht NED"]
[Date "2017.06.05"]
[Round "6.3"]
[White "Sokolov,Ivan"]
[Black "Klein,Fe"]
[Result "1-0"]
[WhiteElo "2625"]
[BlackElo "2323"]

1.d4 d5 2.c4 e6 3.Nf3 dxc4 4.e3 c5 5.Bxc4 Nf6 6.Qe2 a6 7.dxc5 Bxc5 8.O-O O-O
9.e4 Nc6 10.e5 Nd5 11.Nbd2 b5 12.Bd3 g6 13.Ne4 Nd4 14.Nxd4 Bxd4 15.Bg5 f6
16.Nxf6+ Nxf6 17.Bxf6 Rxf6 18.exf6 Qxf6 19.Be4 Rb8 20.Rab1 e5 21.Rbc1 Be6
22.Rc6 Rb6 23.Rfc1 Qg5 24.g3 Bc4 25.R1xc4 bxc4 26.Qxc4+ Kg7 27.Rc7+ Kh6 28.Qf7
{#r} 1-0

[Event "10th Mayors Cup Open 2017"]
[Site "masterchessopen.com Mumbai IND"]
[Date "2017.06.04"]
[Round "1.7"]
[White "Abdulla,AlR"]
[Black "Pranavananda,V"]
[Result "1-0"]
[WhiteElo "2503"]
[BlackElo "2166"]

1.d4 Nf6 2.Nf3 d5 3.c4 dxc4 4.e3 e6 5.Bxc4 c5 6.O-O a6 7.b3 Nbd7 8.Bb2 Be7
9.Nbd2 O-O 10.Be2 b6 11.dxc5 Bxc5 12.Ng5 Bb7 13.Bf3 Nd5 14.Nge4 Be7 15.Nc4 Qb8
16.Rc1 Rd8 17.Qe2 N5f6 18.Nxf6+ Bxf6 19.Bxf6 Nxf6 20.e4 Bc6 21.e5 Bxf3 22.Qxf3
Nd7 23.Rfd1 b5 24.Rxd7 Rxd7 25.Nb6 Qxb6 26.Qxa8+ Qd8 27.Qxd8+ Rxd8 28.Kf1 g5
29.Rc6 Rd1+ 30.Ke2 Rd5 31.Rxa6 Rxe5+ 32.Kd3 Rd5+ 33.Kc3 Rc5+ 34.Kb4 Rc2
35.Kxb5 Rxf2 36.a4 Rxg2 37.a5 Rxh2 38.Rc6 Ra2 39.a6 g4 40.Rc4 h5 41.Ra4 Rxa4
42.bxa4 g3 43.a7 h4 44.a8=Q+ Kg7 45.Qe4 {#r} 1-0

[Event "6th CHN w Masters 2017"]
[Site "masterchessopen.com Wuxi CHN"]
[Date "2017.05.31"]
[Round "5.1"]
[White "Zhao,Shengxin"]
[Black "Ding Yixin"]
[Result "0-1"]
[WhiteElo "2155"]
[BlackElo "2423"]

1.d4 d5 2.c4 e6 3.g3 c6 4.Bg2 dxc4 5.Nf3 b5 6.O-O Bb7 7.a4 a6 8.b3 cxb3 9.Nbd2
Nf6 10.Nxb3 Nbd7 11.Bd2 Be7 12.Qc2 O-O 13.Rfc1 Rc8 14.Ba5 Qe8 15.Nc5 Nxc5
16.dxc5 Nd7 17.Bb4 a5 18.Bxa5 Nxc5 19.axb5 cxb5 20.Nd4 Bxg2 21.Kxg2 Qd7 22.Rd1
Qb7+ 23.f3 b4 24.Rab1 Qa8 25.Bxb4 Na6 26.Bc3 Nb4 27.Qd2 Nd5 28.Rdc1 Bc5 29.Ra1
Qb7 30.e4 Nxc3 31.Qxc3 Rfd8 32.Nb3 Ba3 33.Qxc8 Rxc8 34.Rxc8+ Qxc8 35.Rxa3 Qc2+
36.Kh3 h5 37.Nd4 Qf2 38.Nc6 g5 {#R} 0-1

[Event "10th KIIT Elite Open 2017"]
[Site "masterchessopen.com Bhubaneswar IND"]
[Date "2017.05.30"]
[Round "7.9"]
[White "Ghosh,D"]
[Black "Ziatdinov,R"]
[Result "1-0"]
[WhiteElo "2569"]
[BlackElo "2291"]

1.d4 d5 2.c4 e6 3.Nf3 a6 4.Qc2 Nf6 5.Bg5 Be7 6.e3 h6 7.Bh4 O-O 8.Nc3 b6 9.cxd5
exd5 10.Bd3 c5 11.Bxf6 Bxf6 12.Nxd5 Nc6 13.Be4 Bd7 14.dxc5 bxc5 15.O-O Rb8
16.Rad1 Bxb2 17.Qxc5 Qe8 18.Bb1 g6 19.Qd6 Rb7 20.Nd4 Qe5 21.Nf6+ Kg7 22.Qxd7
Rxd7 23.Nxd7 Qc7 24.Nxc6 Qxc6 25.Nxf8 Kxf8 26.Rd8+ Ke7 27.Rfd1 h5 28.R8d2 Be5
29.Bc2 h4 30.Bb3 f5 31.Rc2 Qb5 32.Rd5 Qb8 33.h3 f4 34.e4 Bc7 35.Rc6 a5 36.Rd1
a4 37.Bxa4 Be5 38.Bb3 g5 39.Re6+ Kf8 40.Rd5 Qb4 41.Rd8+ Kg7 42.Rd7+ Kf8
43.Rxe5 {#r} 1-0

[Event "10th KIIT Elite Open 2017"]
[Site "masterchessopen.com Bhubaneswar IND"]
[Date "2017.05.30"]
[Round "7.25"]
[White "Cholleti,S"]
[Black "Erigaisi,Arjun"]
[Result "0-1"]
[WhiteElo "2133"]
[BlackElo "2338"]

1.Nf3 d5 2.d4 c6 3.c4 e6 4.e3 Nd7 5.Bd3 Bd6 6.O-O dxc4 7.Bxc4 Ngf6 8.Nbd2 O-O
9.Qc2 Qe7 10.Ne4 Nxe4 11.Qxe4 e5 12.Qh4 Qxh4 13.Nxh4 Nb6 14.Bb3 exd4 15.exd4
Re8 16.Be3 Be6 17.Bxe6 Rxe6 18.Bd2 f6 19.g3 Kf7 20.Ng2 Rd8 21.Bc3 f5 22.Rfe1
Rxe1+ 23.Rxe1 Be7 24.Ne3 g6 25.g4 f4 26.Nc2 Bf6 27.Re4 Nd5 28.Ne1 g5 29.Nd3 h6
30.Kg2 Nc7 31.Ne5+ Bxe5 32.Rxe5 Nb5 33.Re4 Rd5 34.h4 b6 35.Kf3 Nc7 36.hxg5
hxg5 37.Re5 Rxe5 38.dxe5 c5 39.Ke4 Ke6 40.f3 Nd5 41.Be1 Ne3 42.b3 a6 43.Bd2
Nf1 44.Bc3 Ng3+ 45.Kd3 Kd5 46.a4 Nf1 47.e6 Kxe6 48.b4 cxb4 49.Bxb4 Ne3 50.Ke4
Nd5 51.Bd2 Nf6+ 52.Kd4 Nd7 53.Bb4 Ne5 54.Ke4 Nc4 55.Bc3 Ne3 56.Bb4 Nd5 57.Bd2
Ne7 58.Bc3 Nc6 59.Bb2 b5 60.axb5 axb5 61.Ba3 Kf6 62.Bf8 b4 63.Kd5 b3 64.Ba3
Ne7+ 65.Kc4 Ng6 66.Kxb3 Nh4 67.Kc4 Nxf3 68.Kd3 Ne5+ 69.Ke4 Nxg4 70.Bd6 Nf2+
71.Kf3 Nd3 72.Ke4 Ke6 73.Ba3 Nf2+ 74.Kf3 Nd1 75.Ke4 Nc3+ 76.Kf3 Kf5 77.Bd6 g4+
78.Kg2 Ne4 79.Bc7 Nf6 80.Kf2 Ke4 81.Kg2 Nh5 82.Bb6 f3+ 83.Kf1 g3 84.Bc7 Nf4
{#R} 0-1

[Event "10th Mayors Cup Open 2017"]
[Site "masterchessopen.com Mumbai IND"]
[Date "2017.06.04"]
[Round "1.10"]
[White "Anand,N"]
[Black "Nguyen Duc Hoa"]
[Result "0-1"]
[WhiteElo "2155"]
[BlackElo "2481"]

1.d4 d5 2.c4 e6 3.Nc3 c6 4.Nf3 dxc4 5.g3 b5 6.Bg2 Nf6 7.O-O Bb7 8.e4 Nbd7 9.e5
Nd5 10.Ng5 h6 11.Nge4 a6 12.Be3 Qb6 13.Qe2 O-O-O 14.Qf3 Nxe3 15.Qxe3 f6
16.exf6 gxf6 17.Nc5 Nxc5 18.dxc5 Bxc5 19.Qxe6+ Kb8 20.Ne4 Bd4 21.Rad1 Bc8
22.Qe7 Rhe8 23.Qf7 f5 24.Nd6 Be6 25.Qg6 Re7 26.Nxf5 Bxf5 27.Qxf5 Re2 28.Kh1
Qc7 29.Rde1 Rde8 30.Rxe2 Rxe2 31.Qf8+ Kb7 32.a4 Bxb2 33.Bf3 Re7 34.axb5 axb5
35.Qxh6 c3 36.Qf6 Rf7 {#R} 0-1

[Event "11th BPB Limburg Open"]
[Site "masterchessopen.com Maastricht NED"]
[Date "2017.06.03"]
[Round "3.11"]
[White "Maki Uuro,Mi"]
[Black "Hilverda,A"]
[Result "1-0"]
[WhiteElo "2337"]
[BlackElo "2382"]

1.d4 d5 2.c4 e6 3.Nc3 Bb4 4.e3 Nf6 5.a3 Bxc3+ 6.bxc3 c6 7.Bd3 O-O 8.Nf3 b6
9.a4 Ba6 10.cxd5 Bxd3 11.Qxd3 cxd5 12.Ba3 Re8 13.O-O Nc6 14.c4 dxc4 15.Qxc4
Na5 16.Qa6 Qc8 17.Qb5 Qb7 18.Rab1 Qd5 19.Bb4 Nc6 20.Bd2 Rac8 21.Rfc1 Qxb5
22.axb5 Ne7 23.Ne5 Rxc1+ 24.Rxc1 Rc8 25.Nc6 Nxc6 26.Rxc6 Ra8 27.f3 h6 28.e4
Rd8 29.Rc4 Ne8 30.Bf4 f5 31.Kf2 Nf6 32.Ke3 fxe4 33.fxe4 g5 34.Bg3 Ne8 35.Be5
h5 36.h3 Kf7 37.Ra4 Ra8 38.d5 Ke7 39.Kd4 exd5 40.exd5 Nd6 41.Bxd6+ Kxd6 42.Rc4
Rf8 43.Rc6+ Kd7 44.Rg6 Rf5 45.Ke4 Rf1 46.Rxg5 h4 47.Rg7+ Kd6 48.Rxa7 Re1+
49.Kf3 Rf1+ 50.Ke2 Rf6 51.Ra4 Rh6 52.Rc4 Kxd5 53.Rc8 Re6+ 54.Kf3 Rf6+ 55.Ke3
Rg6 56.Kf2 Rf6+ 57.Kg1 Rg6 58.Kh2 Re6 59.Rh8 Re4 60.g4 hxg3+ 61.Kxg3 Kc4
62.Rh5 Kb4 63.Rg5 Rc4 64.h4 Rc3+ 65.Kg4 Rc4+ 66.Kh5 Ka4 67.Rf5 Rc1 68.Kg6 Rg1+
69.Rg5 Rd1 70.h5 Rd6+ 71.Kg7 Rd7+ 72.Kf6 Rd6+ 73.Ke7 Rh6 74.Rf5 Kb4 75.Kf7 Rd6
76.Kg7 Rd7+ 77.Kg6 Rd6+ 78.Kg5 Rd1 79.h6 Rg1+ 80.Kf6 Rh1 81.Kg6 Rg1+ 82.Rg5
Rd1 83.h7 Rd8 84.Kh5 Ka5 85.Rg8 Rd1 86.h8=Q Rh1+ 87.Kg4 Rxh8 88.Rxh8 Kxb5
89.Kf3 {#r} 1-0

[Event "10th KIIT Elite Open 2017"]
[Site "masterchessopen.com Bhubaneswar IND"]
[Date "2017.05.30"]
[Round "7.3"]
[White "Ravi,TeS"]
[Black "Nguyen Duc Hoa"]
[Result "0-1"]
[WhiteElo "2369"]
[BlackElo "2481"]

1.d4 d5 2.c4 e6 3.Nc3 c6 4.cxd5 exd5 5.Bf4 Bd6 6.Bg3 Bf5 7.e3 Bxg3 8.hxg3 Qb6
9.Qd2 Nf6 10.f3 h6 11.g4 Bh7 12.Nh3 Nbd7 13.g5 Ng8 14.Rc1 Nf8 15.Nf4 Ne6
16.Na4 Qc7 17.Nxe6 fxe6 18.Nc5 Qe7 19.Rc3 Qxg5 20.Nxb7 Nf6 21.Nd6+ Ke7 22.Rxc6
Qg3+ 23.Qf2 Qg6 24.Qd2 Qg3+ 25.Kd1 Rhb8 26.Qa5 Kf8 27.Qc7 Qg6 28.b3 Kg8 29.Qe7
Ne8 30.Nb5 Qb1+ 31.Rc1 Qxa2 32.Qxe6+ Kh8 33.Qxd5 Nf6 34.Qc6 Qxb3+ 35.Kd2 Qb2+
36.Ke1 Re8 37.Rc3 Rab8 38.Rxh6 Rb6 39.Rxf6 Rxc6 40.Rfxc6 Bg8 41.Be2 a5 42.Kf2
a4 43.Rc1 Bb3 44.Nd6 Rf8 45.Nc8 Rf6 46.Rh1+ Kg8 47.Nd6 a3 48.Rc8+ Rf8 49.Rh8+
Kxh8 50.Rxf8+ Kh7 51.Ke1 a2 52.Bd3+ g6 {#R} 0-1

[Event "11th BPB Limburg Open"]
[Site "masterchessopen.com Maastricht NED"]
[Date "2017.06.05"]
[Round "7.1"]
[White "Sadler,M"]
[Black "Sokolov,Ivan"]
[Result "1-0"]
[WhiteElo "2684"]
[BlackElo "2625"]

1.d4 d5 2.c4 e6 3.Nc3 Be7 4.cxd5 exd5 5.Bf4 Nf6 6.e3 Bf5 7.Qb3 Nc6 8.a3 Rb8
9.Nf3 O-O 10.Rc1 Re8 11.Be2 a6 12.O-O h6 13.Bg3 Bf8 14.Rfe1 Re6 15.Nd2 b5
16.Qd1 b4 17.axb4 Rxb4 18.b3 Bd6 19.Na4 Bxg3 20.hxg3 a5 21.Nc5 Re7 22.Nd3 Rb6
23.Rc5 Qd6 24.Qc1 Bxd3 25.Bxd3 Nb4 26.Qb1 Nd7 27.Rxa5 g6 28.Rc1 Re8 29.Be2 h5
30.Qa1 Nf8 31.Ra8 Rxa8 32.Qxa8 Kg7 33.Nf3 Nc6 34.Bb5 Ne7 35.Ba4 f6 36.Rc5 c6
37.Qa7 Nd7 38.Rc2 Kf7 39.Ne1 Ke8 40.Nd3 Qb8 41.Qa5 Kf8 42.Qd2 Kg7 43.Rc3 Qd6
44.Qd1 Nf8 45.Rc5 Ne6 46.Ra5 Qc7 47.Qe1 Kf7 48.b4 Qb7 49.Bc2 Nc8 50.Qa1 Qc7
51.Bb3 Ne7 52.Qa2 Rb7 53.Ra4 Rb5 54.Qe2 Rb7 55.Qb2 Nf5 56.Qc3 Ne7 57.e4 Ra7
58.Rxa7 Qxa7 59.exd5 cxd5 60.Nc5 Nc7 61.Ba4 Nf5 62.Bd7 Nd6 63.Qc1 Ne4 64.Nxe4
dxe4 65.Qc6 Ke7 66.Bc8 f5 67.d5 Qa1+ 68.Kh2 Qe5 69.Qd7+ Kf8 70.Qd8+ Kf7
71.Qd7+ Kf8 72.Bb7 Ne8 73.Qe6 Qxe6 74.dxe6 Ke7 75.Bc8 Nc7 76.f3 e3 77.Kg1 g5
78.f4 gxf4 79.gxf4 Nd5 80.b5 Kd8 81.Bd7 h4 82.Kf1 Nxf4 83.b6 Nd5 84.b7 Kc7
85.Bc6 Ne7 86.Bf3 f4 87.Be4 Ng8 88.Ke2 Ne7 89.Kd3 Kb8 90.Bf3 Kc7 91.Kc3 Nf5
92.Kd3 Ne7 93.Kd4 Ng6 94.Ke4 {#r} 1-0

[Event "10th Mayors Cup Open 2017"]
[Site "masterchessopen.com Mumbai IND"]
[Date "2017.06.05"]
[Round "2.14"]
[White "Raghunandan,K"]
[Black "Alahakoon,I"]
[Result "1-0"]
[WhiteElo "2410"]
[BlackElo "2047"]

1.d4 d5 2.c4 e6 3.Nf3 Nf6 4.Nc3 Be7 5.Bf4 O-O 6.Rc1 b6 7.cxd5 Nxd5 8.Nxd5 Qxd5
9.a3 Bd6 10.Qd2 Nc6 11.Bg3 Ba6 12.Qc2 Bb7 13.e4 Qa5+ 14.Qd2 Qxd2+ 15.Kxd2 Rad8
16.Ke3 e5 17.d5 Bc5+ 18.Rxc5 bxc5 19.dxc6 Bxc6 20.Bc4 Bd7 21.Rc1 Rb8 22.Bxe5
Rb7 23.Bd5 c6 24.Ba2 Rb5 25.Bc4 Rb7 26.Bc3 Re8 27.Rd1 Bf5 28.Ne5 Bg6 29.Rd6
Rc7 30.Nxg6 {#r} 1-0

[Event "ch-POR Rapid 2017"]
[Site "masterchessopen.com Mirandela POR"]
[Date "2017.06.03"]
[Round "4.4"]
[White "Padeiro,J"]
[Black "Pereira,Ant2"]
[Result "0-1"]
[WhiteElo "2271"]
[BlackElo "2139"]

1.d4 e6 2.Nf3 d5 3.c4 Nf6 4.Nc3 Be7 5.Bf4 O-O 6.e3 Nbd7 7.h3 c5 8.Bd3 dxc4
9.Bxc4 Nb6 10.Bd3 Nbd5 11.Be5 cxd4 12.Bxd4 Nxc3 13.Bxc3 Nd5 14.Bd4 Bb4+ 15.Ke2
Re8 16.a3 Bd6 17.Be5 Bxe5 18.Nxe5 Qf6 19.f4 Qe7 20.Qc2 h6 21.Bh7+ Kf8 22.Bg6
f6 23.Bxe8 fxe5 24.fxe5 Qxe8 25.Rhf1+ Kg8 26.Rf3 Bd7 27.Kf2 Rc8 28.Qd2 Qg6
29.Rc1 Rxc1 30.Qxc1 Bc6 31.Qc5 Qe4 32.Qd6 Qg6 33.Qf8+ Kh7 34.Rg3 Qf5+ 35.Qxf5+
exf5 36.h4 g6 37.Ke2 Ne7 38.Kd3 Kg7 39.Kd4 Kf7 40.b4 Ke6 41.a4 Bxa4 42.e4 fxe4
43.Kxe4 Bc6+ 44.Kd3 Kxe5 45.Re3+ Kd6 46.g3 Nf5 47.Re1 h5 48.Rg1 b6 49.g4 Nxh4
50.gxh5 gxh5 51.Rg5 Be8 52.Ke4 Ke6 53.b5 Nf5 54.Rg8 Nd6+ 55.Kf4 Bxb5 56.Ra8 a5
57.Rb8 Nc4 58.Ke4 Bc6+ 59.Kd4 b5 60.Rh8 Bf3 61.Kc5 Ne5 62.Kxb5 Ng6 63.Rh6 Kf5
64.Kxa5 h4 65.Kb4 Kg5 66.Rh7 Bh5 67.Rc7 h3 68.Rc1 Bf3 69.Rg1+ Bg2 70.Kc3 Kf4
71.Kb2 Kf3 72.Rc1 Nf4 73.Rc3+ Ke4 74.Rxh3 Bxh3 75.Kc3 Be6 76.Kb2 Kd3 77.Ka3
Kc4 78.Ka2 Bf5 79.Ka3 Bc2 80.Ka2 Kc3 81.Ka3 Nd3 82.Ka2 Nc5 83.Ka3 Nb3 84.Ka2
Be4 85.Ka3 Bb1 86.Ka4 Nd4 87.Ka3 Nb5+ 88.Ka4 Kc4 89.Ka5 Kc5 90.Ka4 Bc2+ 91.Ka5
Bd1 92.Ka6 Nd6 93.Ka5 Nb7+ 94.Ka6 Kc6 {#R} 0-1

[Event "10th Mayors Cup Open 2017"]
[Site "masterchessopen.com Mumbai IND"]
[Date "2017.06.05"]
[Round "3.19"]
[White "Arvind,S"]
[Black "Grover,S"]
[Result "0-1"]
[WhiteElo "2190"]
[BlackElo "2478"]

1.d4 Nf6 2.Nf3 d5 3.c4 e6 4.Nc3 Bb4 5.cxd5 exd5 6.Bg5 h6 7.Bxf6 Qxf6 8.Qb3 c5
9.e3 Nc6 10.dxc5 O-O 11.a3 Ba5 12.Be2 d4 13.Nxd4 Nxd4 14.exd4 Qxd4 15.O-O Qxc5
16.Qd5 Bb6 17.Qxc5 Bxc5 18.Bf3 Be6 19.Rfd1 Rad8 20.Rxd8 Rxd8 21.Rd1 Rxd1+
22.Bxd1 Bd4 23.Kf1 Kf8 24.Ke1 Ke7 25.Bc2 Bc4 26.f3 Ke6 27.Kd2 Bf1 28.Bb3+ Kd7
29.g4 f6 30.h4 Kd6 31.f4 Bg2 32.Kd3 Bxc3 33.bxc3 Bf3 34.g5 fxg5 35.fxg5 hxg5
36.hxg5 Ke5 37.Ke3 Be4 38.Bf7 Kf5 39.c4 Bc6 40.g6 Ke5 41.Kd3 Be4+ 42.Kc3 b6
43.Be8 Kf6 44.Kd4 Bxg6 45.Bc6 Bc2 46.c5 bxc5+ 47.Kxc5 Ke5 48.Kc4 Be4 49.Bd7 g5
50.Kc3 Bf5 51.Bc6 g4 52.Kd2 Kd4 53.Ke2 Be4 54.Bd7 g3 55.Be8 a5 56.Bd7 Kc3
57.Ke3 Kb3 58.a4 Kb4 59.Bb5 Bc2 {#R} 0-1

[Event "10th KIIT Elite Open 2017"]
[Site "masterchessopen.com Bhubaneswar IND"]
[Date "2017.06.01"]
[Round "9.10"]
[White "Singh,SV"]
[Black "Laxman,R"]
[Result "0-1"]
[WhiteElo "2213"]
[BlackElo "2417"]

1.d4 Nf6 2.c4 e6 3.Nf3 d5 4.Nc3 Bb4 5.Qa4+ Nc6 6.Bg5 dxc4 7.a3 Bxc3+ 8.bxc3
Qd5 9.Bf4 Bd7 10.Qd1 Qf5 11.g3 Nd5 12.Bd2 e5 13.dxe5 Nxe5 14.Bg2 Nxf3+ 15.Bxf3
O-O-O 16.O-O Qe5 17.Qc2 h5 18.Qa2 Bg4 19.Qxc4 Bxf3 20.exf3 Nb6 21.Qf4 Qxf4
22.Bxf4 Rd3 23.Be5 f6 24.Bd4 Nc4 25.Rfe1 Kd7 26.Rad1 Rxd1 27.Rxd1 Kc6 28.a4
Re8 29.h4 a5 30.Kg2 Nb2 31.Ra1 Kd5 32.Rb1 Re2 33.g4 c5 34.Be3 b6 35.gxh5 Nxa4
36.Rd1+ Ke6 37.Rd8 Nxc3 38.h6 gxh6 39.Bxh6 Re5 40.Kg3 Kf5 41.h5 Ne2+ 42.Kh4
Nd4 43.Kg3 a4 44.Be3 a3 45.h6 Re7 46.Ra8 Nc2 47.Bc1 Kg6 48.Bxa3 Nxa3 49.Rxa3
c4 50.Ra6 b5 51.Rb6 Re5 52.Rc6 Rh5 53.Kg4 Rh1 54.Rc5 Rg1+ 55.Kf4 Rg5 56.Rc6
Re5 57.h7 Kxh7 58.Rxf6 Rc5 59.Ra6 c3 60.Ra1 c2 61.Rc1 b4 62.Ke3 b3 63.Kd2 b2
64.Rxc2 Rd5+ {#R} 0-1

[Event "10th KIIT Elite Open 2017"]
[Site "masterchessopen.com Bhubaneswar IND"]
[Date "2017.06.01"]
[Round "9.27"]
[White "Aradhya,Garg"]
[Black "Raja,Rithvik R"]
[Result "1-0"]
[WhiteElo "2304"]
[BlackElo "2155"]

1.d4 Nf6 2.c4 e6 3.Nf3 d5 4.Nc3 Bb4 5.cxd5 exd5 6.Bg5 h6 7.Bxf6 Qxf6 8.g3 O-O
9.Bg2 Bf5 10.O-O Bxc3 11.bxc3 Be4 12.Qb3 Qa6 13.Ne5 Bxg2 14.Kxg2 c6 15.e4 dxe4
16.Rfe1 c5 17.d5 c4 18.Qb4 b6 19.Rxe4 Qb7 20.Qd6 b5 21.Rb1 Re8 22.Rf4 f6
23.Nxc4 a6 24.a4 Nd7 25.Na5 Qb6 26.Qxd7 Qxa5 27.axb5 Qxc3 28.bxa6 Qc8 29.Qxc8
Rexc8 30.Ra4 Rd8 31.a7 Kh7 32.Rb7 h5 33.d6 Kg6 34.Ra6 Rdc8 35.d7 Rd8 36.Rc6
{#r} 1-0

[Event "10th KIIT Elite Open 2017"]
[Site "masterchessopen.com Bhubaneswar IND"]
[Date "2017.05.30"]
[Round "7.20"]
[White "Raghunandan,K"]
[Black "Moksh Amit Doshi"]
[Result "1-0"]
[WhiteElo "2410"]
[BlackElo "2188"]

1.d4 Nf6 2.Nf3 e6 3.c4 d5 4.Bg5 Bb4+ 5.Nc3 dxc4 6.e3 c5 7.Bxc4 Nbd7 8.O-O Bxc3
9.bxc3 Qc7 10.Bf4 Qc6 11.a4 a6 12.Ne5 Nxe5 13.Bxe5 Nd7 14.Bg3 cxd4 15.Qxd4 O-O
16.Be2 e5 17.Bxe5 Nxe5 18.Qxe5 Re8 19.Qd4 Bf5 20.Bf3 Be4 21.Bxe4 Rxe4 22.Qd2
Rxa4 23.Rxa4 Qxa4 24.Qd5 Qc6 25.Qxc6 bxc6 26.Ra1 Kf8 27.Ra5 Ke7 28.Kf1 Kd6
29.Ke2 Kc7 30.Kd3 Kb6 31.Rf5 Ra7 32.Kc4 a5 33.Kb3 g6 34.Rf6 Rd7 35.g4 Kb5
36.Rf4 h6 37.h3 Kc5 38.Rc4+ Kb5 39.Rf4 Ra7 40.h4 a4+ 41.Ka3 c5 42.h5 g5 43.c4+
Ka5 44.Rf5 Rc7 45.Re5 Rc6 46.Rd5 f6 47.Rd8 Re6 48.Ra8+ Kb6 49.Kxa4 Re4 50.Kb3
Rxg4 51.Rf8 Rg2 52.Rxf6+ Kc7 53.Kc3 Rh2 54.Rxh6 Rxf2 55.Rg6 Rg2 56.h6 g4
57.Kd3 Rh2 58.Ke4 g3 59.Kf3 g2 60.Kf2 Kd7 {#r} 1-0

[Event "6th CHN w Masters 2017"]
[Site "masterchessopen.com Wuxi CHN"]
[Date "2017.05.30"]
[Round "4.3"]
[White "Huang Qian"]
[Black "Lei Tingjie"]
[Result "0-1"]
[WhiteElo "2444"]
[BlackElo "2482"]

1.d4 Nf6 2.Nf3 d5 3.c4 e6 4.Nc3 c6 5.cxd5 exd5 6.Bg5 Be7 7.e3 Nbd7 8.Bd3 Ne4
9.Bxe7 Qxe7 10.Bxe4 dxe4 11.Nd2 f5 12.g4 O-O 13.gxf5 Nf6 14.Qb3+ Kh8 15.Qa3
{#R} 0-1

[Event "11th BPB Limburg Open"]
[Site "masterchessopen.com Maastricht NED"]
[Date "2017.06.02"]
[Round "1.11"]
[White "Vrolijk,Liam"]
[Black "Beukema,Jasper"]
[Result "1-0"]
[WhiteElo "2401"]
[BlackElo "2209"]

1.Nf3 Nf6 2.d4 d5 3.c4 e6 4.Nc3 c6 5.e3 Nbd7 6.Qc2 Be7 7.b3 O-O 8.Bd3 b6 9.O-O
Bb7 10.Bb2 c5 11.cxd5 exd5 12.Rad1 h6 13.Bf5 Re8 14.Ne5 Bd6 15.f4 cxd4 16.exd4
Bb4 17.Ne2 Nf8 18.a3 Bd6 19.Nc3 a6 20.Qe2 b5 21.Qf3 Qb6 22.Kh1 Ne6 23.Bb1 Rad8
24.Rfe1 Bc7 25.Ne2 Ne4 26.Ng3 f6 27.Ng6 Kh7 28.Nxe4 dxe4 29.Bxe4 Bxe4 30.Qxe4
Nxf4 31.Ne5+ Kg8 32.Qxf4 fxe5 33.dxe5 Rxd1 34.Rxd1 Rf8 35.Qg4 Qf2 36.Bd4 Qf4
37.Qd7 Kh7 38.Qxc7 Qxd4 39.Qc2+ Kh8 40.Qe2 Qc5 41.b4 Qc3 42.e6 Re8 43.e7 Qxa3
44.Qe4 Qc3 45.Qg6 Qc8 46.Qxe8+ {#r} 1-0

[Event "10th Mayors Cup Open 2017"]
[Site "masterchessopen.com Mumbai IND"]
[Date "2017.06.05"]
[Round "2.9"]
[White "Babujian,L"]
[Black "Mithil,A"]
[Result "1-0"]
[WhiteElo "2438"]
[BlackElo "2203"]

1.d4 d5 2.c4 c6 3.Nc3 Nf6 4.Nf3 e6 5.Bg5 Nbd7 6.e3 Qa5 7.Nd2 Bb4 8.Qc2 dxc4
9.Bxf6 Nxf6 10.Nxc4 Qc7 11.Bd3 c5 12.O-O Bd7 13.a3 Bxc3 14.bxc3 Ng4 15.g3 b5
16.Nd2 h5 17.Qd1 Bc6 18.Be4 Nf6 19.Bxc6+ Qxc6 20.a4 O-O 21.axb5 Qxb5 22.c4 Qb7
23.Qb3 Qc7 24.Rfd1 Rfd8 25.Nf3 cxd4 26.exd4 Rac8 27.c5 Nd5 28.Ne5 Ne7 29.Ra4
Nf5 30.Qc3 Rd5 31.Nf3 Rcd8 32.Rda1 a6 33.c6 R8d6 34.Rc4 a5 35.Rb1 a4 36.Rb7
Qc8 37.c7 Qxb7 38.c8=Q+ Qxc8 39.Rxc8+ Rd8 40.Rc4 a3 41.Qxa3 Nxd4 42.Nxd4 Rxd4
43.Rc3 h4 44.Kg2 hxg3 45.hxg3 R4d5 46.Qa7 {#r} 1-0

[Event "10th Mayors Cup Open 2017"]
[Site "masterchessopen.com Mumbai IND"]
[Date "2017.06.05"]
[Round "3.8"]
[White "Tarun,Kanyamarala"]
[Black "Raghunandan,K"]
[Result "0-1"]
[WhiteElo "1807"]
[BlackElo "2410"]

1.d4 d5 2.Nf3 Nf6 3.c4 e6 4.Nc3 c6 5.Bg5 Nbd7 6.e3 Qa5 7.Nd2 Bb4 8.Qc2 O-O
9.Be2 c5 10.O-O cxd4 11.Nb3 Qb6 12.exd4 dxc4 13.Bxc4 Qc7 14.Bd3 b6 15.Rac1 Bb7
16.Qe2 Bxc3 17.bxc3 Rac8 18.Bh4 Rfe8 19.Rfe1 Qc6 20.f3 Nh5 21.Bb5 Qc7 22.Qd2
Bc6 23.Bxc6 Qxc6 24.c4 Qa4 25.Qc2 Nf4 26.Nd2 Qxc2 27.Rxc2 e5 28.dxe5 Rxe5
29.Rxe5 Nxe5 30.Bg3 Ne2+ 31.Kf2 Nxg3 32.hxg3 f6 33.Ke3 Kf8 34.f4 Nc6 35.a3
Re8+ 36.Kd3 Rd8+ 37.Ke3 Nd4 38.Rb2 Nf5+ 39.Kf3 h5 40.Nf1 Rd1 41.Rf2 Ra1 42.a4
Rxa4 43.Ke4 Rxc4+ 44.Kd5 Rc1 45.Ke6 Re1+ 46.Kd7 Ne3 47.Nd2 Ng4 48.Rf3 Re2
49.Nc4 b5 50.Nd6 b4 51.Rb3 a5 52.Nb7 Ra2 53.Kc6 Ra3 54.Rb1 Ne3 55.Kb5 Nd5
56.Re1 Rxg3 57.Nxa5 Nxf4 58.Kxb4 Nd3+ {#R} 0-1

[Event "6th CHN w Masters 2017"]
[Site "masterchessopen.com Wuxi CHN"]
[Date "2017.06.02"]
[Round "7.4"]
[White "Tan Zhongyi"]
[Black "Wang Jue"]
[Result "1-0"]
[WhiteElo "2515"]
[BlackElo "2339"]

1.d4 d5 2.c4 c6 3.Nf3 Nf6 4.Nc3 e6 5.Bg5 Nbd7 6.e3 Qa5 7.Qc2 Bb4 8.Nd2 O-O
9.Be2 dxc4 10.Bxf6 Nxf6 11.Nxc4 Qc7 12.O-O Nd5 13.Ne4 Be7 14.Rac1 f6 15.a3 b6
16.b4 Bb7 17.Bd3 Rfd8 18.Ned2 g6 19.Bxg6 hxg6 20.Qxg6+ Kf8 21.f4 f5 22.Qh6+
Ke8 23.Qxe6 Nf6 24.Ne5 Rd6 25.Qf7+ Kd8 26.Ndc4 Rd5 27.Rf3 Kc8 28.Rg3 Bd8
29.Qe6+ Kb8 30.Qxf5 a6 31.a4 c5 32.Qb1 cxd4 33.Na5 Qxc1+ 34.Qxc1 bxa5 35.e4
Rd6 36.Nf7 Rc6 37.Qb2 Ka7 38.b5 axb5 39.axb5 Re6 40.Nxd8 Rxd8 41.e5 d3 42.Qd2
Kb6 43.Rxd3 Rxd3 44.Qxd3 Nd5 45.f5 Re7 46.f6 Rc7 47.f7 {#r} 1-0

[Event "9th Lublin GM 2017"]
[Site "masterchessopen.com Lublin POL"]
[Date "2017.06.05"]
[Round "2.2"]
[White "Dziuba,M"]
[Black "Llaneza Vega,M"]
[Result "1-0"]
[WhiteElo "2550"]
[BlackElo "2424"]

1.d4 Nf6 2.c4 g6 3.f3 d5 4.cxd5 Nxd5 5.e4 Nb6 6.Nc3 Bg7 7.Be3 O-O 8.Qd2 Nc6
9.O-O-O a5 10.h4 a4 11.h5 Na5 12.hxg6 fxg6 13.Bh6 Nac4 14.Bxc4+ Nxc4 15.Qe2
Bxh6+ 16.Rxh6 b5 17.Nxb5 Nd6 18.Na3 c5 19.dxc5 Qc7 20.Qc2 Nf7 21.Rh1 Ra5
22.Ne2 Rxc5 23.Nc3 Be6 24.Kb1 Rc8 25.Qd2 Rb8 26.Rc1 Qa5 27.Ka1 Qb4 28.Rb1 Rbc8
29.Nc2 Qa5 30.Nd4 Bb3 31.Rbc1 Rd8 32.Qe3 Rc4 33.Nce2 Qb6 34.axb3 axb3 35.Rxc4
Qa6+ 36.Kb1 Qa2+ 37.Kc1 Qa1+ 38.Kd2 Qxh1 39.Qxb3 Kh8 40.Rc1 Qxg2 41.Qxf7 {#r}
1-0

[Event "11th BPB Limburg Open"]
[Site "masterchessopen.com Maastricht NED"]
[Date "2017.06.04"]
[Round "5.1"]
[White "Sadler,M"]
[Black "Leenhouts,K"]
[Result "1-0"]
[WhiteElo "2684"]
[BlackElo "2475"]

1.c4 g6 2.d4 Nf6 3.f3 d5 4.cxd5 Nxd5 5.e4 Nb6 6.Nc3 Bg7 7.Be3 O-O 8.Qd2 Nc6
9.O-O-O Qd6 10.Nb5 Qd7 11.Kb1 Rd8 12.d5 a6 13.Nc3 Qe8 14.Qc1 Na5 15.Bh6 Bxh6
16.Qxh6 e6 17.Nh3 Qf8 18.Qf4 Qe7 19.g4 Nac4 20.Bxc4 Nxc4 21.e5 Qb4 22.Qc1 exd5
23.Nxd5 Rxd5 24.Rxd5 Be6 25.Rdd1 Qa5 26.b3 Nxe5 27.Nf4 Re8 28.Nxe6 Rxe6
29.Rd8+ Kg7 30.Qb2 f6 31.Rhd1 Nxf3 32.R8d7+ Kg8 33.Qc1 {#r} 1-0

[Event "6th CHN w Masters 2017"]
[Site "masterchessopen.com Wuxi CHN"]
[Date "2017.06.04"]
[Round "9.4"]
[White "Shen Yang"]
[Black "Zhou,Zirun"]
[Result "1-0"]
[WhiteElo "2473"]
[BlackElo "1984"]

1.d4 Nf6 2.Nf3 g6 3.c4 d5 4.cxd5 Nxd5 5.e4 Nb6 6.Bb5+ c6 7.Be2 Bg7 8.Nc3 O-O
9.h3 N8d7 10.Bg5 h6 11.Bf4 Re8 12.Qd2 Kh7 13.Rd1 e5 14.dxe5 Qe7 15.O-O g5
16.Be3 Nxe5 17.Nxe5 Bxe5 18.f4 gxf4 19.Bxf4 Bg7 20.Bd3 Qh4 21.e5+ Kg8 22.Ne4
Nd5 23.Bg3 Qh5 24.Nd6 Re7 25.Nf5 Re8 26.Rde1 Be6 27.Nxg7 Kxg7 28.Re4 Qg5
29.Qf2 Rg8 30.Rg4 {#r} 1-0

[Event "10th Mayors Cup Open 2017"]
[Site "masterchessopen.com Mumbai IND"]
[Date "2017.06.04"]
[Round "1.12"]
[White "Senthil,Maran K"]
[Black "Babujian,L"]
[Result "0-1"]
[WhiteElo "2111"]
[BlackElo "2438"]

1.d4 Nf6 2.g3 d5 3.c4 dxc4 4.Nf3 g6 5.Bg2 Bg7 6.O-O O-O 7.a4 Nc6 8.Na3 Na5
9.Bf4 Nd5 10.Rc1 Nxf4 11.gxf4 c5 12.Nxc4 cxd4 13.Nce5 f6 14.Nd3 Nc6 15.b4 e6
16.Qb3 Kh8 17.Qb2 f5 18.b5 Ne7 19.Nde5 g5 20.Nxg5 Bxe5 21.fxe5 Nd5 22.f4 Nxf4
23.Rxf4 Qxg5 24.Qxd4 Rg8 25.Qf2 Bd7 26.h4 Qh6 27.Rc3 a6 28.Rd4 Be8 29.bxa6
Rxa6 30.Rg3 Rf8 31.Bxb7 Rxa4 32.Rxa4 Bxa4 33.Qc5 Re8 34.Qc7 Qf8 35.Qa5 Bc2
36.Kf2 Qe7 37.Qc3 Qxh4 38.Kg1 Rd8 39.Rh3 Qg4+ 40.Kf2 Rg8 41.Rh1 Qf4+ 42.Bf3
Qg3+ 43.Kf1 Be4 44.Qc7 Qg6 45.Bxe4 fxe4 46.Ke1 e3 {#R} 0-1

[Event "11th BPB Limburg Open"]
[Site "masterchessopen.com Maastricht NED"]
[Date "2017.06.05"]
[Round "6.7"]
[White "Wild,A"]
[Black "Fier,A"]
[Result "0-1"]
[WhiteElo "2265"]
[BlackElo "2576"]

1.Nf3 Nf6 2.c4 g6 3.g3 Bg7 4.Bg2 O-O 5.O-O d5 6.cxd5 Nxd5 7.d4 Nc6 8.Nc3 Bf5
9.e3 Nxc3 10.bxc3 Be4 11.Bh3 Na5 12.Re1 c5 13.Nd2 Bc6 14.Ba3 b6 15.Qe2 Re8
16.f3 cxd4 17.cxd4 Qd5 18.Bb2 Rad8 {#R} 0-1